5HLuxD.jpg

KING HENRY VIII SENIOR AND PRIMARY SCHOOL LIBRARY OPAC

Teeny-Weeny Queenie (Record no. 5756)

000 -LEADER
fixed length control field 00927nam a22002417a 4500
005 - DATE AND TIME OF LATEST TRANSACTION
control field 20251029091035.0
008 - FIXED-LENGTH DATA ELEMENTS--GENERAL INFORMATION
fixed length control field 251029b ||||| |||| 00| 0 eng d
020 ## - INTERNATIONAL STANDARD BOOK NUMBER
International Standard Book Number 9781407162188
040 ## - CATALOGING SOURCE
Transcribing agency KH8
082 ## - DEWEY DECIMAL CLASSIFICATION NUMBER
Classification number 813 FRE
100 ## - MAIN ENTRY--PERSONAL NAME
Personal name Freedman,Claire
Relator term Author
245 ## - TITLE STATEMENT
Title Teeny-Weeny Queenie
260 ## - PUBLICATION, DISTRIBUTION, ETC.
Place of publication, distribution, etc. Euston House,24 Eversholt Street,London NW1 1DB
Name of publisher, distributor, etc. Scholastic Children's Books
Date of publication, distribution, etc. 2016
300 ## - PHYSICAL DESCRIPTION
Extent 25 pages
Other physical details colour illustrations
Dimensions 28 cm x 23 cm
520 ## - SUMMARY, ETC.
Summary, etc. Queenie has one BIG ambition—when she grows up she is going to be queen. In this laugh-out-loud tale, Queenie discovers that if there is one thing more important than being a good queen, it is being a great sister!
521 ## - TARGET AUDIENCE NOTE
Target audience note Ages 3-7
650 ## - SUBJECT ADDED ENTRY--TOPICAL TERM
Source of heading or term Sisters and siblings
Topical term or geographic name entry element Juvenile fiction
650 ## - SUBJECT ADDED ENTRY--TOPICAL TERM
Source of heading or term Queens
Topical term or geographic name entry element Juvenile fiction
655 ## - INDEX TERM--GENRE/FORM
Genre/form data or focus term Picture books
655 ## - INDEX TERM--GENRE/FORM
Genre/form data or focus term Stories in rhyme
700 ## - ADDED ENTRY--PERSONAL NAME
Personal name Pye,Ali
Relator term Illustrator
942 ## - ADDED ENTRY ELEMENTS (KOHA)
Source of classification or shelving scheme
Koha item type Books - Fiction
Holdings
Withdrawn status Lost status Source of classification or shelving scheme Damaged status Not for loan Collection code Permanent Location Current Location Shelving location Date acquired Total Checkouts Full call number Barcode Date due Date last seen Date last checked out Price effective from Koha item type Public note
          Fiction KH8 Primary School Library KH8 Primary School Library Fiction 2025-10-29 4 813 FRE KHPL000007401 2026-04-15 2026-04-07 2026-04-07 2025-10-29 Books - Fiction PRIMARY LIBRARY

Powered By KH8 IT Dept